000 00568nam a2200229Ia 4500
003 OSt
005 20221005125225.0
006 a|||||r|||| 00| 0
007 ta
008 221004b |||||||| |||| 00| 0 tam d
024 _a49119
037 _cTextual
040 _aCRL
_cCRL
_btam
041 _2tam
_atam
082 _aO31,2NKAN,5, K6
100 _aKannan Au.
_9192697
245 0 _aPakaimai veniran
260 _c1966
650 _aTAMIL DRAMA
_9192671
942 _hO31,2NKAN,5, K6
_cTEXL
_2cc
999 _c1053331
_d1053331